Culture Générale - Série 2729 - Statistiques

Statistiques générales
  • Ce quiz a été pris 62 fois
  • Le résultat moyen est 3 sur 10
Statistiques - réponses
Question Réponse % Correct
Dans la mythologie comment s'appelait le père de Thèsée (vainqueur du Minotaure) et qui s'est noyé dans l'océan croyant que son fils avait échoué dans sa quête . Cette mer porte son nom Egée
84%
Nokia Corporation est une entreprise multinationale de télécommunications de nationalité ... finlandaise
63%
Quel pays d'Amérique du sud avait comme monnaie "l'austral" jusqu'en 1991 ? Argentine
46%
Maison de prostitution - bordel - 7 lettres commençant par "l" lupanar
38%
Au féminin : Fine tranche de gras animal ou de lard, avec laquelle sont enveloppés divers morceaux de viandes, poissons, ou légumes pour améliorer le goût, protéger de la chaleur de cuisson, éviter le dessèchement à la cuisson, et garder une texture moelleuse. Au masculin : Poète celtique qui célébrait les héros et leurs exploits barde
30%
Quel est le prénom de l'inventeur américain du langage de transmission par traits et points (1791-1872) ? Samuel
25%
Comment se nomme l'unité monétaire de l'Afrique du Sud ? rand
21%
Instrument traditionnel voisin du luth, joué en Iran et en Syrie - 3 lettres oud
13%
Ville de Catalogne où est né l'architecte espagnol Antoni Gaudi Reus
11%
Dans un langage un peu vieillot, comment appelle-t-on un billet doux porté à l'être cher ? 6 lettres terminé par "t" poulet
2%
Aucun quiz correspondant
Distribution des résultats
% des personnes avec chaque résultat
Percentile par nombre de réponses
Votre historique - résultats
Vous n’avez pas pris ce quiz